Yıkılış ve kurtuluş (Record no. 10421)

MARC details
000 -BAŞLIK
Sabit Uzunlukta Kontrol Alanı 01166na a2200289 4500
001 - KONTROL NUMARASI
Denetim Alanı 23839
003 - KONTROL NUMARASI IDENTIFIER
Denetim Alanı MIRAKIL
005 - SON İŞLEM TARİHİ VE ZAMANI
Denetim Alanı 20181213155321.0
008 - SABİT-BOY VERİ ELEMANLARI - GENEL BİLGİLER
Sabit Uzunlukta Kontrol Alanı 180104b tu 000 0
020 ## - ULUSLARARASI STANDART KİTAP NUMARASI
Uluslararası Standart Kitap Numarası 9786052952337
040 ## - KATALOGLAMA KAYNAK
Orijinal Kataloglama Ajansı Milas
Kataloglama Dili tur
Metne Dönüştürmek Ajansı TR-AnCHP
041 ## - DİL KODU
Metin / Ses Parça Veya Ayrı Başlığın Dil Kodu tur
082 ## - DEWEY ONLU SINIFLANDIRMA NUMARASI
Sınıflandırma Numarası 956.101543
Ürün Numarası B26y 2017
090 ## - SINIFLAMA NUMARASI
Sınıflama Numarası 956.101543 B26y 2017
100 ## - ANA GİRİŞ - KİŞİSEL İSİM
Kişisel Ad Bardakçı, Murat
245 ## - BAŞLIK TABLOSU
Başlık Yıkılış ve kurtuluş
Başlığın Kalan Osmanlı imparatorluğu'nun çöküş ve Türkiye Cumhuriyeti'nin kuruluş belgeleri
Sorumluluk Tablosu, Vb Murat Bardakçı
246 ## - UNVAN FORM VARYING
Başlık Doğru / Kısa Başlığı Osmanlı imparatorluğu'nun çöküş ve Türkiye Cumhuriyeti'nin kuruluş belgeleri
260 ## - YAYIN, DAĞITIM, VB
Yayın, Dağıtım, Vb Yeri İstanbul
Yayıncı, Dağıtıcı, Vs Adı Türkiye İş Bankası Kültür Yayınları
Yayın, Dağıtım, Vb Tarihi 2017
Üretici Firma Golden Medya Matbaacılık
300 ## - FİZİKSEL TANIM
Kapsam 245 s.
Boyutlar 30 sm.
440 ## - SERİSİ TABLOSU / KATMA GİRİŞİ - BAŞLIK
Başlık Türkiye İş Bankası Kültür Yayınları
Hacim / Ardışık Tanımı Genel yayın : 3989
504 ## - KAYNAKÇA VB NOT
Kaynakça Vb Notu Dizin var.
650 ## - KONU KATMA GİRİŞ - TOPİKAL DÖNEM
Topikal Süreli Veya Coğrafi Ad Giriş Elemanı Türkiye Cumhuriyeti
Genel Alt Bölümü Tarih
650 ## - KONU KATMA GİRİŞ - TOPİKAL DÖNEM
Topikal Süreli Veya Coğrafi Ad Giriş Elemanı Türkiye Cumhuriyeti
Genel Alt Bölümü Kuruluş dönemi
Kronolojik Alt Bölümü Belgeler
650 ## - KONU KATMA GİRİŞ - TOPİKAL DÖNEM
Topikal Süreli Veya Coğrafi Ad Giriş Elemanı Osmanlı İmparatorluğu
Genel Alt Bölümü Çöküş dönemi
Kronolojik Alt Bölümü Belgeler
740 ## - KATMA GİRİŞ - KONTROLSUZ İLGİLİ / ANALİTİK BAŞLIK
Kontrol Edilmeyen / İlgili Analitik Başlıktaki Osmanlı imparatorluğu'nun çöküş ve Türkiye Cumhuriyeti'nin kuruluş belgeleri
942 ## - EKLENDİ GİRİŞ ELEMANLARI (KOHA)
Sınıflandırma Veya Raf Düzeni Kaynak
Koha Öğesi Türü Books
999 ## - SİSTEM KONTROL NUMARALARI (KOHA)
Koha Biblionumber 10421
Koha Biblioitemnumber 10421
Holdings
Kalıcı Konum Mevcut Konum Edinme Tarihi Edinim Kaynak Toplam Check-Out'Lar Tam Çağrı Numarası Barkod Tarih Son Görülme İtibaren Geçerli Fiyatlar Koha Öğesi Türü
CHP Kütüphanesi CHP Kütüphanesi 01/04/2018 Bağış   956.101543 B26y 2017 017817 01/04/2018 01/04/2018 Books